Auditoría energética en Hielera Celsa León Nicaragua
La investigación presenta un estudio de auditoria energética en hielera Celsa León Nicaragua, para el proceso de elaboración de hielo en maquetas, identificando el potencial de ahorro energético sin afectar de manera negativa el proceso, la empresa proyecciones industriales S. A. Hielo Celsa es...
| Main Author: | |
|---|---|
| Other Authors: | |
| Format: | Tesis Section = Libro |
| Language: | Undetermined Spanish |
| Published: |
Managua
UNI
2014
|
| Subjects: |
| LEADER | 01101nam a2200241Ia 4500 | ||
|---|---|---|---|
| 008 | 240830s9999 xx 000 0 und d | ||
| 040 | |a BIBLIOTECA-RUPAP Mon 621.3 L864 | ||
| 041 | |a spa | ||
| 082 | |a Mon 621.3 L864 | ||
| 100 | 1 | |a López Cuadra, Erick Andrés | |
| 245 | 1 | 0 | |a Auditoría energética en Hielera Celsa León Nicaragua |
| 260 | |a Managua |b UNI |c 2014 | ||
| 300 | |a 50 p. :il. | ||
| 500 | |a Contiene: anexos y CD. | ||
| 502 | |a Tesis (Ingeniero Mecánico)- UNI, 2014. | ||
| 520 | 3 | |a La investigación presenta un estudio de auditoria energética en hielera Celsa León Nicaragua, para el proceso de elaboración de hielo en maquetas, identificando el potencial de ahorro energético sin afectar de manera negativa el proceso, la empresa proyecciones industriales S. A. Hielo Celsa está ubicada en la ciudad de León. | |
| 650 | 7 | |a AUDITORIA ENERGETICA | |
| 650 | 7 | |b ANALISIS DE CONSUMO ENERGETICO-HIELERA CELSA-LEON | |
| 650 | 7 | |c PROPUESTA DE AHORRO DE ENERGIA ELECTRICA | |
| 700 | 1 | |a Tutor: |b Pérez Escobar, Edmundo José | |
| 942 | |c BK |2 ddc | ||
| 991 | |a TESIS | ||
| 999 | |c 15722 | ||